<?xml version="1.0" encoding="UTF-8"?>
<record
    xmlns:xsi="http://www.w3.org/2001/XMLSchema-instance"
    xsi:schemaLocation="http://www.loc.gov/MARC21/slim http://www.loc.gov/standards/marcxml/schema/MARC21slim.xsd"
    xmlns="http://www.loc.gov/MARC21/slim">

  <leader>00903nam1a22002411i 4500</leader>
  <controlfield tag="001">rc\4580972</controlfield>
  <controlfield tag="005">20240725235640.0</controlfield>
  <datafield tag="035" ind1=" " ind2=" ">
    <subfield code="a">(NLR Aleph) 008379033</subfield>
  </datafield>
  <datafield tag="090" ind1=" " ind2=" ">
    <subfield code="a">9105916</subfield>
    <subfield code="c">9105916</subfield>
  </datafield>
  <datafield tag="100" ind1=" " ind2=" ">
    <subfield code="a">20130416d1967    |||y0rusy50      ca</subfield>
  </datafield>
  <datafield tag="101" ind1="0" ind2=" ">
    <subfield code="a">rus</subfield>
  </datafield>
  <datafield tag="102" ind1=" " ind2=" ">
    <subfield code="a">RU</subfield>
  </datafield>
  <datafield tag="105" ind1=" " ind2=" ">
    <subfield code="a">    a   |||||</subfield>
  </datafield>
  <datafield tag="200" ind1="1" ind2=" ">
    <subfield code="a">&#x41C;&#x430;&#x442;&#x435;&#x440;&#x438;&#x430;&#x43B;&#x44B; &#x43A; &#x431;&#x438;&#x43E;&#x431;&#x438;&#x431;&#x43B;&#x438;&#x43E;&#x433;&#x440;&#x430;&#x444;&#x438;&#x438; &#x443;&#x447;&#x435;&#x43D;&#x44B;&#x445; &#x421;&#x421;&#x421;&#x420;</subfield>
    <subfield code="e">&#x412;&#x44B;&#x43F;. 1-</subfield>
    <subfield code="f">&#x410;&#x41D; &#x421;&#x421;&#x421;&#x420;</subfield>
    <subfield code="i">&#x421;&#x435;&#x440;&#x438;&#x44F; &#x442;&#x435;&#x445;&#x43D;&#x438;&#x447;&#x435;&#x441;&#x43A;&#x438;&#x445; &#x43D;&#x430;&#x443;&#x43A;. &#x422;&#x435;&#x43F;&#x43B;&#x43E;&#x442;&#x435;&#x445;&#x43D;&#x438;&#x43A;&#x430;</subfield>
  </datafield>
  <datafield tag="210" ind1=" " ind2=" ">
    <subfield code="a">&#x41C;&#x43E;&#x441;&#x43A;&#x432;&#x430;</subfield>
    <subfield code="c">&#x41D;&#x430;&#x443;&#x43A;&#x430;</subfield>
    <subfield code="d">1967</subfield>
  </datafield>
  <datafield tag="215" ind1=" " ind2=" ">
    <subfield code="d">16</subfield>
  </datafield>
  <datafield tag="300" ind1=" " ind2=" ">
    <subfield code="a">&#x421;&#x432;&#x43E;&#x434;&#x43D;&#x430;&#x44F; &#x43D;&#x435; &#x441;&#x43E;&#x431;&#x438;&#x440;&#x430;&#x435;&#x442;&#x441;&#x44F; &#x43F;&#x43E; &#x441;&#x43E;&#x433;&#x43B;&#x430;&#x441;&#x43E;&#x432;&#x430;&#x43D;&#x438;&#x44E; &#x441; &#x426;&#x421;&#x411;</subfield>
  </datafield>
  <datafield tag="300" ind1=" " ind2=" ">
    <subfield code="a">&#x41D;&#x430; &#x43E;&#x431;&#x43B;. &#x437;&#x430;&#x433;&#x43B;.: &#x411;&#x438;&#x43E;&#x431;&#x438;&#x431;&#x43B;&#x438;&#x43E;&#x433;&#x440;&#x430;&#x444;&#x438;&#x44F; &#x443;&#x447;&#x435;&#x43D;&#x44B;&#x445; &#x421;&#x421;&#x421;&#x420;</subfield>
  </datafield>
  <datafield tag="512" ind1="0" ind2=" ">
    <subfield code="a">&#x411;&#x438;&#x43E;&#x431;&#x438;&#x431;&#x43B;&#x438;&#x43E;&#x433;&#x440;&#x430;&#x444;&#x438;&#x44F; &#x443;&#x447;&#x435;&#x43D;&#x44B;&#x445; &#x421;&#x421;&#x421;&#x420;</subfield>
  </datafield>
  <datafield tag="801" ind1=" " ind2="0">
    <subfield code="a">RU</subfield>
    <subfield code="b">NLR</subfield>
    <subfield code="g">psbo</subfield>
  </datafield>
  <datafield tag="801" ind1=" " ind2="1">
    <subfield code="a">RU</subfield>
    <subfield code="b">ELAR</subfield>
    <subfield code="2">rusmarc</subfield>
  </datafield>
  <datafield tag="852" ind1=" " ind2=" ">
    <subfield code="a">NLR</subfield>
    <subfield code="j">641/&#x41C;-69</subfield>
  </datafield>
  <datafield tag="942" ind1=" " ind2=" ">
    <subfield code="c">BOOK</subfield>
  </datafield>
</record>
